Separatist violence in South Asia : (Record no. 446951)

000 -LEADER
fixed length control field 01109cam a2200289 i 4500
001 - CONTROL NUMBER
control field 19145417
005 - DATE AND TIME OF LATEST TRANSACTION
control field 20190327111919.0
008 - FIXED-LENGTH DATA ELEMENTS--GENERAL INFORMATION
fixed length control field 160621s2017 enka b 001 0 eng
010 ## - LIBRARY OF CONGRESS CONTROL NUMBER
LC control number 2016021350
020 ## - INTERNATIONAL STANDARD BOOK NUMBER
International Standard Book Number 9781138926547 (hardback)
020 ## - INTERNATIONAL STANDARD BOOK NUMBER
Cancelled/invalid ISBN 9781315679082 (ebook)
040 ## - CATALOGING SOURCE
Original cataloging agency DLC
Language of cataloging eng
Transcribing agency DLC
Description conventions rda
Modifying agency DLC
042 ## - AUTHENTICATION CODE
Authentication code pcc
043 ## - GEOGRAPHIC AREA CODE
Geographic area code as-----
050 00 - LIBRARY OF CONGRESS CALL NUMBER
Classification number DS341
Item number .W43 2017
082 00 - DEWEY DECIMAL CLASSIFICATION NUMBER
Classification number B259x54 W381
100 1# - MAIN ENTRY--PERSONAL NAME
Personal name Webb, Matthew J.,
Relator term author.
9 (RLIN) 3802
245 10 - TITLE STATEMENT
Title Separatist violence in South Asia :
Remainder of title a comparative study /
Statement of responsibility, etc Matthew J. Webb.
300 ## - PHYSICAL DESCRIPTION
Extent viii, 141 pages :
Other physical details illustration ;
Dimensions 24 cm.
490 0# - SERIES STATEMENT
Series statement Routledge studies in South Asian politics ;
Volume number/sequential designation 8
504 ## - BIBLIOGRAPHY, ETC. NOTE
Bibliography, etc Includes bibliographical references (pages 125-138) and index.
650 #0 - SUBJECT ADDED ENTRY--TOPICAL TERM
Topical term or geographic name as entry element Political violence
Geographic subdivision South Asia.
9 (RLIN) 3803
650 #0 - SUBJECT ADDED ENTRY--TOPICAL TERM
Topical term or geographic name as entry element Nation building
Geographic subdivision South Asia.
9 (RLIN) 3804
651 #0 - SUBJECT ADDED ENTRY--GEOGRAPHIC NAME
Geographic name South Asia
General subdivision History
-- Autonomy and independence movements.
9 (RLIN) 3805
906 ## - LOCAL DATA ELEMENT F, LDF (RLIN)
a 7
b cbc
c orignew
d 1
e ecip
f 20
g y-gencatlg
955 ## - COPY-LEVEL INFORMATION (RLIN)
Book number/undivided call number, CCAL (RLIN) rf03 2016-06-21
Copy information and material description, CCAL + MDES (RLIN) rf03 2016-06-21 to GPSE for subj.
Classification number, CCAL (RLIN) xn05 2017-01-23 1 copy rec'd., to CIP ver.
Holdings
Withdrawn status Lost status Source of classification or shelving scheme Damaged status Koha normalized classification for sorting Not for loan Permanent location Current location Date acquired Full call number Barcode Date last seen Price effective from Koha item type
        B_259X54_W381   Indian Institute of Public Administration Indian Institute of Public Administration 2018-07-10 B259x54 W381 87643 2018-07-21 2018-07-21 Book

Powered by Koha